000 00623nam a22002537a 4500
003 UA-OsUOA
001 25092
007 ta
008 20040315b un ||||| |||| 00| 0 ukr d
100 _aВінник О.М.
090 _a347.73(075.8)
_bВ48
942 _cBK
040 _aUA-OsUOA
_bukr
_cUA-OsUOA
_dUA-OsUOA
245 _aІнвестиційне право
_bНавчальний посібник
300 _a264 с.
955 _a0
041 _aukr
080 _a347.73(075.8)
020 _a966-7714-02-0
260 _aКиїв
_bАтіка
_c2000
044 _aUA
650 7 _2UDC
999 _c311383
_d311383